| 000 | 01178 a2200205 4500 | ||
|---|---|---|---|
| 001 | 120492 | ||
| 020 | _a9788524403101 | ||
| 040 | _cEscola Canadense de Niteroi | ||
| 090 | _aFOM | ||
| 100 | _aFomin, Dmitri | ||
| 245 | 1 | 0 | _aCírculos matemáticos : a experiência russa |
| 250 | _a1. ed. | ||
| 260 | _aRio de Janeiro | ||
| 300 | _bil. | ||
| 362 | 0 | _a2019 | |
| 490 | 0 | _aCírculos Matemáticos | |
| 520 | _aEsta obra foi originalmente publicada em inglês pela American Mathematical Society com o título Mathematical Circles em 1996. A presente tradução foi feita e publicada pelo IMPA com a autorização da AMS. Este livro foi produzido por circunstâncias culturais que fomentaram a criação de grupos formados por alunos, professores e matemáticos da União soviética, chamados círculos matemáticos. Ainda é muito raro encontrar pesquisadores matemáticos nos Estados Unidos dispostos a pensar e a devotar tempo e energia para o desenvolvimento de material para estudantes do ensino médio. Então este livro foi traduzido do russo para o inglês por Mark Saul e do inglês para o português por Valéria Iório. | ||
| 650 | 4 | _aMatemática | |
| 942 | _cBK | ||
| 999 |
_c120492 _d120492 |
||